| 000 | 00717nac a22002171u 4500 | ||
|---|---|---|---|
| 020 | _a0131472038 (CD-ROM) : | ||
| 020 | _a0131273124 | ||
| 082 |
_a658.8 _bARM |
||
| 090 |
_c5287 _d5287 |
||
| 100 | _aArmstrong, Gary | ||
| 245 |
_aMarketing : DVD/ _ban introduction / _cGary Armstrong, Philip Kotler. |
||
| 250 | _a7th ed. | ||
| 260 |
_aUpper Saddle River, N.J. : _bPearson/Prentice Hall,2005 _cc2005. |
||
| 500 | _aAudiovisuals | ||
| 500 | _aDVD with book | ||
| 511 | _aCatalogued by: Sara | ||
| 650 | _aMarketing. | ||
| 700 | _aKotler, Philip. | ||
| 942 |
_cCDR _k658.8ARM |
||
| 999 |
_c5287 _d5287 |
||